| 000 | 00786nam a22002177a 4500 | ||
|---|---|---|---|
| 003 | NUST - PNEC | ||
| 005 | 20170116181205.0 | ||
| 008 | 160309b xxu||||| |||| 00| 0 eng d | ||
| 020 | _a0070416907 | ||
| 020 | _a0071008241 | ||
| 040 | _cLIBRARY | ||
| 082 | _a628.2 EDD | ||
| 100 |
_916743 _aEddy, Metcalf |
||
| 245 |
_aWastewater engineering : treatment, disposal, and reuse _cMetcalf & Eddy |
||
| 250 | _aThird Edition | ||
| 260 |
_aNew York _bMcGraw-Hill, Inc. _cc.1991 |
||
| 300 | _a1334 p. : | ||
| 650 |
_916744 _aSewage disposal _xME |
||
| 856 | _uhttp://www.amazon.com/Wastewater-Engineering-Treatment-Disposal-Reuse/dp/0070416907/ref=sr_1_3?s=books&ie=UTF8&qid=1457509822&sr=1-3&keywords=Wastewater+engineering+%3A+treatment%2C+disposal%2C+and+reuse | ||
| 942 |
_2ddc _cBK |
||
| 999 |
_c71620 _d71620 |
||